00771nam a2200217 a 450000100060000000300090000600800410001502000150005604000280007108200160009910000410011524501050015625000070026126000440026830000410031249000300035350100290038351000500041260000690046265000220053124677CO-ViMGA141112s2004 ck r 000 u spa d a843760494X aCO-ViMGAbspacCO-ViMGA a813.4 G171c1 aGarcía Márquez, Gabriel, 1927 - 10aCien años de soledad / cGabriel García Márquez ; edición y presentación de Jacques Joset. a12 aMadrid : bEdiciones Cátedra, c2002. a493 p. : il., retr., cuadr. ; 18 cm. aLetras Hispánicas ; 215 aNotas al pie de página aIncluye bibliografía y cuadro genealógico aGarcía Márquez, Gabriel, 1927 - Crítica e interpretación14aNovela colombiana